[Event "15th London Classic Open"]
[Site "London ENG"]
[Date "2025.11.29"]
[Round "4.3"]
[White "Yuffa, Daniil"]
[Black "Grieve, Harry"]
[Result "1-0"]
[WhiteTitle "GM"]
[BlackTitle "IM"]
[WhiteElo "2618"]
[BlackElo "2491"]
[WhiteFideId "24131423"]
[BlackFideId "426520"]
[EventDate "2025.11.27"]

1. e4 c5 2. Nf3 e6 3. g3 Nc6 4. Bg2 Nf6 5. d3 d6 6. O-O Be7 7. a4 a6 8. Bf4 O-O
9. e5 Nd5 10. exd6 Bf6 11. Bc1 Qxd6 12. Nbd2 Qc7 13. Nb3 Nce7 14. Nfd2 Nf5 15.
Re1 Bd7 16. a5 Rad8 17. Ne4 Be7 18. Nbd2 Nd4 19. c3 Nf5 20. Nc4 Bc6 21. Qe2 Rfe8
22. Bg5 f6 23. Bd2 e5 24. h4 g6 25. h5 Ng7 26. hxg6 hxg6 27. Qg4 Bd7 28. Qxg6
Bf5 29. Qh6 Kf7 30. Ne3 Nxe3 31. Qxe3 Rh8 32. b4 cxb4 33. cxb4 Qd7 34. d4 exd4
35. Qf4 Kg6 36. Rac1 Rc8 37. Rxc8 Qxc8 38. Nd6 Bxd6 39. Qxd6 Bh3 40. Be4+ Bf5
41. Qxd4 Bxe4 42. Qxe4+ Kf7 43. Qd5+ Ne6 44. Rc1 Qd8 45. Qxb7+ Kg6 46. Qe4+ Kf7
47. Be3 Qd7 48. Kg2 Rh5 49. Qc6 Qd3 50. Qb7+ Kg6 51. Rc8 Rh7 52. Qc6 Qb1 53.
Qe8+ Kf5 54. g4+ 1-0

[Event "15th London Classic Open"]
[Site "London ENG"]
[Date "2025.11.29"]
[Round "4.4"]
[White "Fernandez, Daniel Howard"]
[Black "Iniyan, Pa"]
[Result "1/2-1/2"]
[WhiteTitle "GM"]
[BlackTitle "GM"]
[WhiteElo "2501"]
[BlackElo "2601"]
[WhiteFideId "5801605"]
[BlackFideId "25002767"]
[EventDate "2025.11.27"]

1. e4 c5 2. Nf3 d6 3. d4 cxd4 4. Nxd4 Nf6 5. Bd3 e5 6. Ne2 d5 7. exd5 Nxd5 8.
Nbc3 Nc6 9. Nxd5 Qxd5 10. O-O Be6 11. Be3 f5 12. Nc3 Qd7 13. Qe1 a6 14. Rd1 Qf7
15. f4 e4 16. Bxe4 fxe4 17. f5 Bxf5 18. Rd5 g6 19. g4 Bb4 20. Rd2 Qe6 21. gxf5
gxf5 22. Kh1 Ne5 23. Rd4 Bxc3 24. Qxc3 Rc8 25. Rd6 Rxc3 26. Rxe6+ Kd7 27. Rxe5
Rxe3 28. Rexf5 1/2-1/2

[Event "15th London Classic Open"]
[Site "London ENG"]
[Date "2025.11.29"]
[Round "4.5"]
[White "Willow, Jonah B"]
[Black "Kraemer, Martin"]
[Result "1-0"]
[WhiteTitle "IM"]
[BlackTitle "GM"]
[WhiteElo "2472"]
[BlackElo "2571"]
[WhiteFideId "438804"]
[BlackFideId "4671910"]
[EventDate "2025.11.27"]

1. c4 Nf6 2. Nc3 c5 3. Nf3 Nc6 4. d4 cxd4 5. Nxd4 e6 6. Bf4 d5 7. cxd5 Nxd5 8.
Nxc6 bxc6 9. Bd2 Bb4 10. a3 Be7 11. e4 Nb6 12. Bf4 O-O 13. Qxd8 Rxd8 14. a4 f6
15. a5 e5 16. Be3 Nd7 17. Bc4+ Kf8 18. O-O-O Nb8 19. Nb5 1-0

[Event "15th London Classic Open"]
[Site "London ENG"]
[Date "2025.11.29"]
[Round "4.6"]
[White "Jumabayev, Rinat"]
[Black "Wadsworth, Matthew J"]
[Result "1/2-1/2"]
[WhiteTitle "GM"]
[BlackTitle "GM"]
[WhiteElo "2560"]
[BlackElo "2487"]
[WhiteFideId "13702661"]
[BlackFideId "415804"]
[EventDate "2025.11.27"]

1. d4 d5 2. c4 c6 3. Nf3 Nf6 4. Nc3 dxc4 5. a4 Bf5 6. e3 e6 7. Bxc4 Bb4 8. O-O
O-O 9. Qe2 Bg6 10. Ne5 Nbd7 11. Nxg6 hxg6 12. Rd1 Qc7 13. g3 Rad8 14. Bd2 a5 15.
Rac1 Nb6 16. Bb3 e5 17. dxe5 Qxe5 18. e4 g5 19. Kg2 Rfe8 20. Re1 c5 21. Rcd1 c4
22. Bc2 Bc5 23. h3 g6 24. Nb5 Bb4 25. Bc3 Bxc3 26. bxc3 Rxd1 27. Qxd1 Nfd7 28.
Re3 Nc5 29. Nd4 Ne6 30. Re2 Nd7 31. Nf3 Qc7 32. Qd2 Ndc5 33. Nxg5 Nxg5 34. Qxg5
Qc6 35. Kh2 b6 36. e5 Nd3 37. h4 Qf3 38. Bxd3 cxd3 39. Rd2 Qe4 40. Qf6 Rxe5 41.
Rxd3 Qxd3 42. Qxe5 Qd7 43. Qb8+ Kg7 44. Qe5+ Kg8 45. Qb8+ 1/2-1/2

[Event "15th London Classic Open"]
[Site "London ENG"]
[Date "2025.11.29"]
[Round "4.7"]
[White "Kazarian, Anna-Maja"]
[Black "Gasanov, Eldar"]
[Result "1/2-1/2"]
[WhiteTitle "FM"]
[BlackTitle "GM"]
[WhiteElo "2224"]
[BlackElo "2447"]
[WhiteFideId "1033689"]
[BlackFideId "14104466"]
[EventDate "2025.11.27"]

1. e4 e5 2. Nf3 Nc6 3. Bb5 a6 4. Ba4 Nf6 5. O-O Be7 6. Re1 b5 7. Bb3 d6 8. c3
O-O 9. h3 Re8 10. Ng5 Rf8 11. Nf3 h6 12. d4 Re8 13. Nbd2 Bf8 14. Nf1 Bd7 15. Ng3
Na5 16. Bc2 c5 17. b3 g6 18. Be3 Qc7 19. Qd2 Kh7 20. Rad1 Rad8 21. d5 Bg7 22.
Nh4 Bc8 23. Rf1 Qe7 24. f4 Nd7 1/2-1/2

[Event "15th London Classic Open"]
[Site "London ENG"]
[Date "2025.11.29"]
[Round "4.8"]
[White "Sanal, Vahap"]
[Black "Bazakutsa, Svyatoslav"]
[Result "1-0"]
[WhiteTitle "GM"]
[BlackTitle "IM"]
[WhiteElo "2546"]
[BlackElo "2478"]
[WhiteFideId "6300545"]
[BlackFideId "14198525"]
[EventDate "2025.11.27"]

1. d4 Nf6 2. Bg5 Ne4 3. Bf4 c5 4. f3 Qa5+ 5. c3 Nf6 6. d5 e6 7. e4 exd5 8. exd5
d6 9. Na3 Be7 10. g4 O-O 11. Nc4 Qc7 12. Ne3 Re8 13. Kf2 Bf8 14. Ne2 b5 15. Ng3
Qb6 16. h4 c4 17. g5 Nfd7 18. h5 Ne5 19. Qd4 Nbd7 20. Qxb6 Nxb6 21. Ne4 Ng4+ 22.
Nxg4 Bxg4 23. h6 Nxd5 24. Bxd6 Be6 25. Bxf8 Rxf8 26. hxg7 Kxg7 27. Rh4 Rad8 28.
a4 a6 29. axb5 axb5 30. Ra5 Ra8 31. Rxb5 Rfb8 32. Rxb8 Rxb8 33. Bxc4 Rxb2+ 34.
Kg3 Ne3 35. Bxe6 fxe6 36. Rh1 e5 37. Ra1 Rc2 38. Ra5 Nf1+ 39. Kg4 Ne3+ 40. Kh3
Nc4 41. Rc5 Nd2 42. Kg4 h5+ 43. gxh6+ Kxh6 44. Nxd2 Rxd2 45. Rxe5 Rc2 46. Rc5
Kg6 47. Rc6+ Kf7 48. f4 Ke7 49. Kf5 Kd7 50. Rc4 Ke7 51. Re4+ Kf7 52. c4 Rc1 53.
Ke5 Ke7 54. f5 Rc2 55. f6+ Kf7 56. Rf4 Re2+ 57. Kd5 Rd2+ 58. Kc6 Rc2 59. c5 Rc1
60. Kb6 Rb1+ 61. Kc7 Rc1 62. c6 Rc2 63. Kb7 Rb2+ 64. Kc8 Rc2 65. c7 Rc1 66. Rb4
Kxf6 67. Kb7 Ke6 68. c8=Q+ Rxc8 69. Kxc8 Kd6 70. Rh4 Kc6 71. Rh6+ Kc5 72. Kd7
Kd5 73. Rh5+ Kd4 74. Ke6 Kc4 75. Kd6 1-0

[Event "15th London Classic Open"]
[Site "London ENG"]
[Date "2025.11.29"]
[Round "4.9"]
[White "Czopor, Maciej"]
[Black "Gavrilescu, David"]
[Result "1/2-1/2"]
[WhiteTitle "IM"]
[BlackTitle "GM"]
[WhiteElo "2463"]
[BlackElo "2542"]
[WhiteFideId "21805431"]
[BlackFideId "1227190"]
[EventDate "2025.11.27"]

1. e4 c5 2. Nf3 d6 3. Bb5+ Nd7 4. O-O a6 5. Bd3 Ngf6 6. c3 g6 7. Bc2 b5 8. d4
Bb7 9. Re1 cxd4 10. cxd4 Bg7 11. b3 Rc8 12. Bb2 Qc7 13. Bd3 O-O 14. Nbd2 Nh5 15.
Nf1 Qb8 16. Qd2 e5 17. Ng3 Nf4 18. Bf1 Rfe8 19. a4 bxa4 20. Rxa4 Ne6 21. d5 Nf4
22. Ba3 Bh6 23. Qa2 Nc5 24. Bxc5 Rxc5 25. Nd2 Bg5 26. Nc4 h5 27. b4 Rcc8 28. Na5
Rc3 29. Ra3 Rec8 30. Rxc3 Rxc3 31. Ne2 Nxe2+ 32. Rxe2 Qc7 33. Nxb7 Qxb7 34. Rc2
Rxc2 35. Qxc2 Qxb4 36. Qc8+ Kg7 37. Qxa6 Bd8 38. Qc4 Qb2 39. Qb5 Qd4 40. Qd3 Qa7
41. Qa6 Qb8 42. g3 h4 43. Qb5 Bb6 44. gxh4 Qd8 45. Qb3 Qxh4 46. Qxb6 Qg4+ 47.
Bg2 Qd1+ 48. Bf1 Qg4+ 1/2-1/2

[Event "15th London Classic Open"]
[Site "London ENG"]
[Date "2025.11.29"]
[Round "4.10"]
[White "Maze, Sebastien"]
[Black "Magold, Filip"]
[Result "1-0"]
[WhiteTitle "GM"]
[BlackTitle "IM"]
[WhiteElo "2534"]
[BlackElo "2465"]
[WhiteFideId "613762"]
[BlackFideId "1254456"]
[EventDate "2025.11.27"]

1. d4 Nf6 2. Nf3 e6 3. Bf4 b6 4. e3 Bb7 5. Bd3 c5 6. c3 cxd4 7. cxd4 Bb4+ 8.
Nbd2 O-O 9. O-O d5 10. Rc1 Bd6 11. Ne5 h6 12. Bg3 Ne4 13. Nxe4 dxe4 14. Bb5 a6
15. Ba4 Qe7 16. Qg4 Bd5 17. Bb3 a5 18. Bxd5 exd5 19. f3 exf3 20. Rxf3 Na6 21.
Rcf1 Qe6 22. Qh5 Ra7 23. Ng4 Be7 24. Be5 f5 25. Rxf5 Rxf5 26. Rxf5 Bg5 27. Rf3
Rf7 28. h4 Bd8 29. a3 Rxf3 30. gxf3 Nc7 31. Kg2 Ne8 32. Bg3 a4 33. Qe5 Qd7 34.
Qb8 Nf6 35. Nxf6+ gxf6 36. h5 Kg7 37. Qf4 f5 38. Qd6 Qxd6 39. Bxd6 Kf6 40. Bf4
b5 41. Kf2 Be7 42. Ke2 Bf8 43. Kd3 Ke6 44. Kc3 Kf6 45. Kd3 Ke6 46. Be5 Kf7 47.
Bc7 Be7 48. e4 Ke6 49. Bf4 Bf8 50. Bd2 Bg7 51. Be3 Bf8 52. Bc1 Bg7 53. Bd2 fxe4+
54. fxe4 dxe4+ 55. Kxe4 Kd6 56. Bf4+ Kc6 57. Bd2 Kd6 58. Bb4+ Kc6 59. d5+ Kd7
60. Bc3 Bf8 61. Kf5 Bc5 62. Kg6 Be3 63. Bg7 b4 64. axb4 Bc1 65. Be5 Bd2 66. b5
Kc8 67. Kf7 Kb7 68. Bd4 1-0

[Event "15th London Classic Open"]
[Site "London ENG"]
[Date "2025.11.29"]
[Round "4.11"]
[White "Greenfeld, Alon"]
[Black "Rozen, Eytan"]
[Result "1/2-1/2"]
[WhiteTitle "GM"]
[BlackTitle "IM"]
[WhiteElo "2465"]
[BlackElo "2515"]
[WhiteFideId "2800039"]
[BlackFideId "2816750"]
[EventDate "2025.11.27"]

1. c4 Nf6 2. Nc3 c6 3. e4 d5 4. e5 d4 5. exf6 dxc3 6. bxc3 exf6 7. d4 Bd6 8. Bd3
O-O 9. Ne2 Re8 10. O-O Nd7 1/2-1/2

[Event "15th London Classic Open"]
[Site "London ENG"]
[Date "2025.11.29"]
[Round "4.12"]
[White "Roberson, Peter T"]
[Black "Fodor, Tamas Jr."]
[Result "0-1"]
[WhiteTitle "IM"]
[BlackTitle "GM"]
[WhiteElo "2447"]
[BlackElo "2508"]
[WhiteFideId "412384"]
[BlackFideId "723762"]
[EventDate "2025.11.27"]

1. d4 d5 2. c4 e6 3. Nf3 c6 4. e3 f5 5. Bd3 Nf6 6. O-O Bd6 7. b3 Qe7 8. Bb2 O-O
9. Nc3 Ne4 10. Ne2 Nd7 11. Ne5 Nxe5 12. dxe5 Ba3 13. Qc1 Bxb2 14. Qxb2 Nc5 15.
Rfd1 a5 16. Rac1 Bd7 17. f4 Rfc8 18. cxd5 cxd5 19. Nd4 b6 20. Rc2 a4 21. b4 a3
22. Qb1 Na4 23. Rdc1 Rxc2 24. Rxc2 Nb2 25. Rc7 Qxb4 26. Rxd7 Qd2 27. Bxf5 Nd1
28. h3 Qxe3+ 29. Kh1 Nf2+ 30. Kh2 Qxf4+ 31. g3 Qxd4 32. Bxe6+ Kh8 33. Rxd5 Qe3
34. Bf5 Qe2 35. Kg1 Qf3 36. Qf1 Qxd5 37. Qxf2 Rf8 38. g4 g6 39. e6 gxf5 40. e7
Re8 0-1

[Event "15th London Classic Open"]
[Site "London ENG"]
[Date "2025.11.29"]
[Round "4.13"]
[White "Smirin, Ilia"]
[Black "Sammed Jaykumar, Shete"]
[Result "1-0"]
[WhiteTitle "GM"]
[BlackTitle "IM"]
[WhiteElo "2554"]
[BlackElo "2377"]
[WhiteFideId "2801990"]
[BlackFideId "5073421"]
[EventDate "2025.11.27"]

1. e4 e5 2. Nf3 Nc6 3. Bb5 a6 4. Ba4 Nf6 5. O-O Be7 6. d3 b5 7. Bb3 d6 8. c3 O-O
9. a4 Rb8 10. axb5 axb5 11. d4 Qe8 12. Re1 Nd7 13. Be3 Nd8 14. Na3 Kh8 15. h3
Ne6 16. Bd5 b4 17. Nc4 bxc3 18. bxc3 exd4 19. cxd4 Nd8 20. e5 dxe5 21. dxe5 Bc5
22. Qc2 h6 23. Na5 Bxe3 24. Rxe3 c5 25. Nc4 Qe7 26. e6 fxe6 27. Nfe5 Kg8 28. Be4
g5 29. Ra7 Bb7 30. Ng6 Qg7 31. Nxf8 Nxf8 32. Rb3 1-0

[Event "15th London Classic Open"]
[Site "London ENG"]
[Date "2025.11.29"]
[Round "4.14"]
[White "Cornette, Matthieu"]
[Black "Flear, Glenn C"]
[Result "1-0"]
[WhiteTitle "GM"]
[BlackTitle "GM"]
[WhiteElo "2517"]
[BlackElo "2376"]
[WhiteFideId "620084"]
[BlackFideId "400165"]
[EventDate "2025.11.27"]

1. e4 e5 2. Nf3 Nc6 3. Bb5 a6 4. Ba4 Nf6 5. O-O Bc5 6. c3 b5 7. Bb3 d6 8. d4 Bb6
9. Be3 Rb8 10. Nbd2 O-O 11. h3 h6 12. Qe2 Re8 13. Rad1 Qe7 14. Bc2 Bd7 15. a3 a5
16. Rfe1 b4 17. Nc4 bxc3 18. bxc3 exd4 19. cxd4 Qf8 20. d5 Na7 21. Nxb6 cxb6 22.
Bd4 Bb5 23. Qd2 Nd7 24. a4 Ba6 25. e5 dxe5 26. Nxe5 Qd6 27. Nxd7 Qxd7 28. Qf4 b5
29. Bf5 Qb7 30. Qg4 g5 31. Qh5 1-0

[Event "15th London Classic Open"]
[Site "London ENG"]
[Date "2025.11.29"]
[Round "4.15"]
[White "Korshunov, Sergey And."]
[Black "Chasin, Nico"]
[Result "0-1"]
[WhiteTitle "FM"]
[BlackTitle "IM"]
[WhiteElo "2377"]
[BlackElo "2512"]
[WhiteFideId "34274715"]
[BlackFideId "30908477"]
[EventDate "2025.11.27"]

1. Nf3 c5 2. c4 Nc6 3. g3 g6 4. Bg2 Bg7 5. Nc3 e6 6. O-O Nge7 7. d3 O-O 8. Bd2
d5 9. a3 b6 10. Rb1 a5 11. Nb5 e5 12. e4 dxc4 13. dxc4 Nd4 14. Nfxd4 cxd4 15. b4
Be6 16. bxa5 Bxc4 17. Re1 bxa5 18. Qa4 Be6 19. Rec1 Bd7 20. Bf1 Qb6 21. Qc4 Rac8
22. Nc7 Qa7 23. Bd3 Bc6 24. Nb5 Qd7 25. Qb3 Kh8 26. f3 f5 27. Rf1 Rb8 28. a4 Ng8
29. Bxa5 Nf6 30. Bb4 fxe4 31. fxe4 Nxe4 32. Bxf8 Bxf8 33. Rf7 Qg4 34. Qd1 Qxd1+
35. Rxd1 Ng5 36. Rc7 Bf3 37. Rdc1 e4 38. Rc8 Rxc8 39. Rxc8 Kg7 40. Bxe4 Bxe4 41.
Nxd4 Bd6 42. a5 Bb7 43. Rc1 Ne4 44. Kf1 Kf6 45. Ke2 Ke5 46. Nf3+ Ke6 47. Ke3
Bc5+ 48. Kf4 h6 49. h4 Bd6+ 50. Ke3 Nxg3 51. Nd4+ Kd5 0-1

[Event "15th London Classic Open"]
[Site "London ENG"]
[Date "2025.11.29"]
[Round "4.16"]
[White "Ghasi, Ameet K"]
[Black "Otsuka, Shou"]
[Result "1-0"]
[WhiteTitle "GM"]
[BlackTitle "FM"]
[WhiteElo "2500"]
[BlackElo "2335"]
[WhiteFideId "409200"]
[BlackFideId "7004702"]
[EventDate "2025.11.27"]

1. c4 c5 2. Nf3 Nf6 3. Nc3 d5 4. cxd5 Nxd5 5. e4 Nb4 6. Bc4 Nd3+ 7. Ke2 Nf4+ 8.
Kf1 Ne6 9. d3 g6 10. h4 h5 11. Be3 Bg7 12. Ng5 Nc6 13. Nxe6 Bxe6 14. Bxe6 fxe6
15. Bxc5 O-O 16. Rh3 Bd4 17. Bxd4 Qxd4 18. Qd2 Ne5 19. Kg1 Ng4 20. Rf1 Rf7 21.
Nd1 Raf8 22. Qc3 Qb6 23. d4 e5 24. Qc5 exd4 25. Qxb6 axb6 26. Rb3 Rf6 27. Rb5
Rd8 28. Re1 d3 29. f3 d2 30. Rf1 Nh6 31. Kf2 Nf7 32. Ke2 Rc6 33. Nc3 Nd6 34. Rd5
Rdc8 35. Rd3 e6 36. Nd1 Ra8 37. a3 Nc4 38. Rd7 Ra5 39. Rxb7 Rd6 40. a4 Ra8 41.
Rc7 Ne5 42. Nc3 Rad8 43. Rb1 Nd3 44. Nd1 Nf4+ 45. Kf1 Rd3 46. Rc3 e5 47. g3 Ne6
48. Rxd3 Rxd3 49. Ke2 Rd8 50. Nc3 Nd4+ 51. Kxd2 Nxf3+ 52. Ke3 Nd4 53. Rf1 Nc2+
54. Ke2 Nd4+ 55. Kf2 Rc8 56. Ke3 Kg7 57. Kd3 Ne6 58. b4 Ra8 59. Ra1 Rf8 60. Nd5
Rf3+ 61. Kc4 Rxg3 62. Kb5 g5 63. hxg5 h4 64. Kxb6 h3 65. a5 h2 66. Rh1 Rh3 67.
a6 Nxg5 68. a7 Rh8 69. Rxh2 1-0

[Event "15th London Classic Open"]
[Site "London ENG"]
[Date "2025.11.29"]
[Round "4.17"]
[White "Noy, Eyal"]
[Black "Royal, Shreyas"]
[Result "0-1"]
[WhiteTitle "FM"]
[BlackTitle "GM"]
[WhiteElo "2275"]
[BlackElo "2495"]
[WhiteFideId "2821117"]
[BlackFideId "448869"]
[EventDate "2025.11.27"]

1. d4 Nf6 2. c4 e6 3. Nf3 d5 4. g3 Bb4+ 5. Bd2 Be7 6. Bg2 O-O 7. O-O c6 8. Qc2
Nbd7 9. b3 b6 10. Rd1 Bb7 11. Nc3 c5 12. cxd5 exd5 13. Bf4 Rc8 14. Nb5 cxd4 15.
Qb2 Ne4 16. Nxa7 Rc5 17. Nxd4 Bf6 18. Bxe4 dxe4 19. a4 Ne5 20. Bxe5 Bxe5 21. e3
Qd7 22. Qe2 Qh3 23. Qf1 Qg4 24. b4 Rc3 25. b5 h5 26. Nac6 Bf6 27. a5 bxa5 28.
Nxa5 Bd5 29. Ndc6 Rd3 30. Rac1 Bb2 31. Rb1 Ba2 32. Rxd3 Bxb1 33. Qxb1 exd3 34.
Qxd3 h4 35. b6 h3 36. Qc4 Qd1+ 37. Qf1 Qd7 38. b7 Qc7 39. b8=Q 0-1

[Event "15th London Classic Open"]
[Site "London ENG"]
[Date "2025.11.29"]
[Round "4.18"]
[White "Banerjee, Supratit"]
[Black "Travadon, Loic"]
[Result "0-1"]
[WhiteTitle "FM"]
[BlackTitle "IM"]
[WhiteElo "2323"]
[BlackElo "2492"]
[WhiteFideId "2410079"]
[BlackFideId "26092131"]
[EventDate "2025.11.27"]

1. e4 c5 2. Nf3 Nc6 3. Bb5 d6 4. O-O Bd7 5. Re1 a6 6. Bf1 e5 7. c3 Be7 8. d4
cxd4 9. cxd4 Bg4 10. d5 Nd4 11. Be3 Nxf3+ 12. gxf3 Bh5 13. Nd2 Nh6 14. Be2 Bg5
15. Nf1 O-O 16. Ng3 Bg6 17. Bxg5 Qxg5 18. Qc1 Qh4 19. Qc7 f5 20. Qxd6 Nf7 21.
Qe6 Rae8 22. exf5 Rxe6 23. dxe6 Ng5 24. fxg6 Nxe6 25. gxh7+ Kh8 26. Rac1 Ng5 27.
Rc3 Nh3+ 28. Kg2 Nf4+ 29. Kg1 Nh3+ 30. Kg2 Nxf2 31. Rc4 Qh3+ 32. Kg1 Qh6 33.
Kxf2 Qxh2+ 34. Ke3 Qxg3 35. Rh1 Qg2 36. Rd1 Qg6 37. b3 Qb6+ 38. Kd3 Qf2 39. Rd2
b5 40. Rc7 e4+ 41. Kxe4 Re8+ 42. Kd3 Re3+ 0-1

[Event "15th London Classic Open"]
[Site "London ENG"]
[Date "2025.11.29"]
[Round "4.19"]
[White "Laurent, Julien G."]
[Black "Aizenberg, Benny"]
[Result "0-1"]
[WhiteTitle "FM"]
[BlackTitle "IM"]
[WhiteElo "2189"]
[BlackElo "2444"]
[WhiteFideId "618500"]
[BlackFideId "2821125"]
[EventDate "2025.11.27"]

1. Nf3 f5 2. d3 Nc6 3. d4 e6 4. c4 Nf6 5. g3 Bb4+ 6. Bd2 Bxd2+ 7. Nbxd2 d6 8.
Bg2 e5 9. d5 Ne7 10. e4 fxe4 11. Ng5 e3 12. fxe3 h6 13. Nge4 Nxe4 14. Nxe4 O-O
15. Rf1 Bf5 16. Qd2 Qe8 17. Nc3 a6 18. a3 Qh5 19. e4 Bd7 20. Rxf8+ Rxf8 21. Bf1
Kh8 22. h4 Qf3 23. Qg2 Qe3+ 24. Be2 Ng8 25. Rd1 b5 26. cxb5 Bxb5 27. Rd2 Nf6 28.
a4 Bxe2 29. Rxe2 Qc1+ 30. Nd1 Ng4 31. Rc2 Qb1 32. Qe2 Ne3 33. Rd2 Rf1+ 0-1

[Event "15th London Classic Open"]
[Site "London ENG"]
[Date "2025.11.29"]
[Round "4.20"]
[White "Hanache, Kai"]
[Black "Kovchan, Alexander"]
[Result "1/2-1/2"]
[BlackTitle "GM"]
[WhiteElo "2122"]
[BlackElo "2440"]
[WhiteFideId "490105"]
[BlackFideId "14103052"]
[EventDate "2025.11.27"]

1. e4 g6 2. d4 Bg7 3. Nc3 d6 4. Be3 Nf6 5. Qd2 c6 6. Bh6 Bxh6 7. Qxh6 Qa5 8. Bd3
Na6 9. Ne2 Nb4 10. O-O Nxd3 11. cxd3 Qh5 12. Qxh5 Nxh5 13. d5 Nf6 14. f4 O-O 15.
Nd4 Bd7 16. Rae1 Rfd8 17. Nf3 Rac8 18. a3 Be8 19. dxc6 Rxc6 20. d4 Rc4 21. d5
Kf8 22. Nd2 Rc7 23. Rd1 b5 24. Nf3 a5 25. Rd4 Rb8 26. e5 Ng4 27. Re1 Nh6 28. Rd2
b4 29. axb4 Rxb4 30. Ne4 Rcc4 31. Rde2 dxe5 32. Nxe5 Rd4 33. Nc3 Nf5 34. g3 Rb6
35. Ra1 a4 36. Rc1 Nd6 37. Rce1 Rb7 38. Kf2 h5 39. Rc1 Rc7 40. Ra1 Rb4 41. Ra2
Nf5 42. Nc6 Bxc6 43. dxc6 Rxc6 44. Rxa4 Rxa4 45. Nxa4 e6 46. Nc3 Rb6 47. Ne4 Rb4
48. Ng5 Nd6 49. Rc2 Ke7 50. Kg2 Nc4 51. Kh3 f6 52. Nf3 Ne3 53. Re2 Nd5 54. Kg2
Nb6 55. Kh3 Kf7 56. Rd2 Nd5 57. Kg2 Ne3+ 58. Kh3 Rb7 59. Re2 Nd1 60. b3 Rxb3 61.
Nd4 Rb2 62. Rxb2 Nxb2 63. Nf3 Nd3 64. Kg2 e5 65. fxe5 fxe5 66. Kf1 Kf6 67. Ke2
Nc5 68. Ke3 g5 69. h3 g4 70. hxg4 hxg4 71. Nh4 Kg5 72. Ng2 Kf5 73. Nh4+ Kf6 74.
Ng2 Nb7 75. Nf4 Nd6 76. Nd5+ Kg5 77. Nc3 Kf5 78. Kd3 Ke6 79. Ke3 Nf5+ 80. Kf2
Ne7 81. Ke2 Nd5 82. Ne4 Nf6 83. Nc3 e4 84. Nd1 Nd5 85. Nf2 Kf5 86. Nd1 Nf6 87.
Kf2 Nd5 88. Ke2 Nb4 89. Ne3+ Kg5 90. Nc4 Nc2 91. Nd6 Nd4+ 92. Kf2 1/2-1/2

[Event "15th London Classic Open"]
[Site "London ENG"]
[Date "2025.11.29"]
[Round "4.21"]
[White "Harvey, Marcus R"]
[Black "Abdulla, Murad"]
[Result "1-0"]
[WhiteTitle "IM"]
[BlackTitle "FM"]
[WhiteElo "2438"]
[BlackElo "2324"]
[WhiteFideId "400092"]
[BlackFideId "2403757"]
[EventDate "2025.11.27"]

1. c4 c5 2. Nf3 Nc6 3. d4 cxd4 4. Nxd4 Qb6 5. Nb5 a6 6. Be3 Qa5+ 7. N5c3 Nf6 8.
g3 g6 9. Bg2 Bg7 10. h3 d6 11. Nd2 O-O 12. Rc1 Be6 13. Nb3 Qd8 14. Nd5 Rc8 15.
Nf4 Bd7 16. Nd3 e5 17. O-O b5 18. cxb5 axb5 19. Qd2 Ne7 20. Nb4 Be6 21. Rxc8
Qxc8 22. g4 Qd7 23. Rd1 Rd8 24. Bb6 Rb8 25. Ba5 Bc4 26. Qxd6 Qxd6 27. Rxd6 Bxe2
28. Bd8 Bf8 29. Rd2 Bc4 30. Na6 Bxb3 31. Nxb8 Bxa2 32. Bxe7 Bxe7 33. Nc6 Bc5 34.
b4 1-0

[Event "15th London Classic Open"]
[Site "London ENG"]
[Date "2025.11.29"]
[Round "4.22"]
[White "Tulchynskyi, Feliks"]
[Black "Badacsonyi, Stanley"]
[Result "1-0"]
[WhiteTitle "IM"]
[BlackTitle "FM"]
[WhiteElo "2409"]
[BlackElo "2316"]
[WhiteFideId "34127895"]
[BlackFideId "486973"]
[EventDate "2025.11.27"]

1. d4 Nf6 2. c4 g6 3. Nc3 Bg7 4. e4 d6 5. h3 O-O 6. Be3 Nc6 7. d5 Ne5 8. g4 c6
9. f4 Ned7 10. Nge2 Qa5 11. Bg2 Nb6 12. Qd3 cxd5 13. exd5 Na4 14. Rb1 Nxc3 15.
Nxc3 Qd8 16. f5 Nd7 17. O-O Ne5 18. Qe2 Bd7 19. Ne4 Qc8 20. f6 Bxf6 21. Rxf6
exf6 22. Nxf6+ Kg7 23. Qf2 Bxg4 24. Qh4 h5 25. hxg4 Qxc4 26. Qg5 Rh8 27. gxh5
Kf8 28. h6 Qxa2 29. Rf1 Qc4 30. Ne4 Qxf1+ 31. Kxf1 1-0

[Event "15th London Classic Open"]
[Site "London ENG"]
[Date "2025.11.29"]
[Round "4.23"]
[White "Panjer, Sidney"]
[Black "Siva, Mahadevan"]
[Result "0-1"]
[BlackTitle "IM"]
[WhiteElo "2287"]
[BlackElo "2424"]
[WhiteFideId "16207041"]
[BlackFideId "25043153"]
[EventDate "2025.11.27"]

1. d4 d5 2. c4 e6 3. Nf3 Nf6 4. g3 Bb4+ 5. Bd2 Be7 6. Bg2 O-O 7. O-O c6 8. Qc2
a5 9. b3 b6 10. Bc3 Bb7 11. Nbd2 c5 12. Rfd1 Nc6 13. Rac1 Rc8 14. Qb1 Rc7 15.
cxd5 exd5 16. dxc5 Bxc5 17. e3 Re8 18. Bb2 Ng4 19. Nf1 Nce5 20. Nxe5 Nxe5 21.
Bd4 Qd6 22. Qf5 Rd7 23. Rc2 Rdd8 24. Qf4 Qg6 25. Rxc5 Nd3 26. Rxd3 bxc5 27. Rd2
cxd4 28. Qxd4 h6 29. Qa7 Ba6 30. Rd1 Qc6 31. Qd4 Bb7 32. h4 Rd6 33. e4 Qc2 34.
Rd2 Qb1 35. Kh2 Rdd8 36. e5 Rc8 37. Ne3 Rc1 38. Qf4 Qa1 39. Nf5 Qxe5 40. Nd6
Qxf4 41. gxf4 Re7 42. Nxb7 Rxb7 43. Rxd5 Ra7 44. Rd8+ Kh7 45. Be4+ g6 46. f5
gxf5 47. Bxf5+ Kg7 48. Rd6 Ra1 49. Rd2 a4 50. Be4 a3 51. f3 Ra5 52. Kg3 f5 53.
Bd3 Rd5 54. Kf4 Kf6 55. Ke3 Re1+ 56. Kf2 Rb1 57. Ke3 Rb2 58. f4 Rd8 59. Rc2 Rxc2
60. Bxc2 Rg8 61. Kd4 Rg2 62. Kc3 Rf2 63. b4 Rxf4 64. b5 Ke5 65. Kb3 Kd5 66. Kxa3
Kc5 67. Ba4 Rxh4 0-1

[Event "15th London Classic Open"]
[Site "London ENG"]
[Date "2025.11.29"]
[Round "4.24"]
[White "Wang, Hao(ZJ)"]
[Black "Krishnan, Ritvik"]
[Result "1-0"]
[WhiteTitle "IM"]
[BlackTitle "FM"]
[WhiteElo "2424"]
[BlackElo "2265"]
[WhiteFideId "8631859"]
[BlackFideId "45055297"]
[EventDate "2025.11.27"]

1. Nf3 d5 2. b3 Nf6 3. Bb2 Bf5 4. g3 c5 5. Bg2 Nc6 6. d3 Qd7 7. h3 h5 8. Nbd2
O-O-O 9. e3 e6 10. Qe2 Nb4 11. Ne5 Qc7 12. O-O Bd6 13. f4 Rhg8 14. a3 Na6 15.
Ndf3 Rgf8 16. c4 Kb8 17. Ng5 dxc4 18. bxc4 Nh7 19. Nexf7 Rxf7 20. Nxf7 Qxf7 21.
e4 Bg6 22. f5 exf5 23. exf5 Bxf5 24. g4 hxg4 25. hxg4 Bxg4 26. Qxg4 Nf6 27. Bxf6
gxf6 28. Rab1 Rd7 29. Qh4 Ka8 30. Rxf6 Qe7 31. Qh6 Nb8 32. Re6 Qf8 33. Rxd6 1-0